000 01602nam a22003017a 4500
001 5254
003 FISKH
005 20241121112600.0
008 241121b cb ||||| |||| 00| 0 eng d
020 _a9780732288013
040 _aFISKH
_beng
_cFISKH
_dFISKH
050 _aPS3569.H742
082 _a813.54
100 _aShriver, Lionel
245 _aA Perfectly Good Family /
_cby Lionel Shriver
250 _aFirst published in Great Britain in 1996
260 _aNew York :
_bHarperCollins Publishers ;
_c1996.
300 _a277 pages :
_billustrations ;
_c21 cm .
505 _aS
520 _a"Following the death of her worthy liberal parents, Corlis McCrea moves back into her family's grand Reconstruction mansion in North Carolina, willed to all three siblings. Her timid younger brother has never left home. When her bullying black-sheep older brother moves into "his" house as well, it's war. Each heir wants the house. Yet to buy the other out, two siblings must team against one. Just as in girlhood, Corlis is torn between allying with the decent but fearful youngest and the iconoclastic eldest, who covets his legacy to destroy it. A Perfectly Good Family is a stunning examination of inheritance, literal and psychological: what we take from our parents, what we discard, and what we are stuck with, like it or not"--P. [4] of cover.
521 8 _a800
_bLexile estimate
521 8 _aS
_bRAz-Plus
650 _aInheritance and succession
_vfiction
650 _ainheritance
_vfiction
650 _asiblings
_vfiction
942 _2ddc
_cBK
_n0
999 _c5254
_d5254